[Event "4NCL"]
[Site "Barcelo Hotel, Hinkley Island,"]
[Date "2011.01.16"]
[Round "4.83"]
[White "Jaunooby, Ali Reza"]
[Black "Beaumont, Chris R"]
[Result "1/2-1/2"]
[WhiteElo "2207"]
[BlackElo "2308"]
[PlyCount "130"]
[EventDate "2011.??.??"]
[WhiteTeam "3Cs 1"]
[BlackTeam "Bristol 1"]

1. d4 Nf6 2. c4 g6 3. g3 Bg7 4. Bg2 d5 5. cxd5 Nxd5 6. Nc3 Nxc3 7. bxc3 c5 8.
e3 Nc6 9. Ne2 Bd7 10. Rb1 Qc7 11. Nf4 Rb8 12. Nd5 Qd8 13. Ba3 cxd4 14. exd4 O-O
15. O-O Be6 16. Ne3 Qa5 17. Qc1 Bd7 18. Re1 Rfe8 19. f4 b6 20. d5 Nd8 21. Bb4
Qa4 22. Nc4 Bf5 23. Rb3 Rc8 24. Ne5 a5 25. Ba3 b5 26. Nc6 Nxc6 27. dxc6 Be6 28.
Rb1 Bf5 29. Rb3 Be6 30. Rxe6 fxe6 31. Qe3 Qc4 32. Bf1 Qxc6 33. Bxb5 Qd5 34.
Bxe8 Rxc3 35. Rxc3 Bd4 36. Bc1 Bxe3+ 37. Bxe3 Qxa2 38. Bc6 Qa1+ 39. Rc1 Qa3 40.
Kf2 Qa2+ 41. Kg1 Qa3 42. Kf2 Qa2+ 43. Ke1 Qxh2 44. Bf2 Qh3 45. Rc5 h5 46. Rg5
h4 47. Rxg6+ Kf7 48. Rg5 hxg3 49. Bxg3 Qh8 50. Re5 Qc8 51. Bf3 a4 52. Bh5+ Kf8
53. Bg4 Qc3+ 54. Kf2 Qd4+ 55. Kg2 a3 56. Bxe6 a2 57. Bxa2 Qb2+ 58. Kf3 Qxa2 59.
f5 Qb3+ 60. Re3 Qd5+ 61. Kg4 Kf7 62. Kf4 Qd2 63. Bh4 Qh2+ 64. Kg4 Qg1+ 65. Rg3
Qd1+ 1/2-1/2

[Event "4NCL"]
[Site "Barcelo Hotel, Hinkley Island,"]
[Date "2011.01.16"]
[Round "4.84"]
[White "Collier, David O"]
[Black "Longson, Alexander"]
[Result "1-0"]
[WhiteElo "2108"]
[BlackElo "2231"]
[PlyCount "89"]
[EventDate "2011.??.??"]
[WhiteTeam "Bristol 1"]
[BlackTeam "3Cs 1"]

1. d4 d5 2. c4 e6 3. Nc3 c6 4. Nf3 dxc4 5. e3 b5 6. a4 Bb4 7. Ne5 Nf6 8. Bd2
O-O 9. Be2 Bb7 10. Bf3 Qb6 11. O-O a5 12. Qc2 Nbd7 13. Nxd7 Nxd7 14. Rfd1 e5
15. d5 Bxc3 16. Bxc3 b4 17. Be1 cxd5 18. Bxd5 Bxd5 19. Rxd5 Qc6 20. e4 Rfe8 21.
f3 Nb6 22. Rb5 Re6 23. Bf2 b3 24. Qd2 Nxa4 25. Rxa5 c3 26. Rxa8+ Qxa8 27. Qxc3
Ra6 28. Qxb3 h6 29. Qb5 Ra5 30. Qb4 Ra6 31. Be3 Qc6 32. Qb8+ Kh7 33. Qxe5 Qc2
34. Bd4 Rg6 35. g3 Qd3 36. f4 f6 37. Qd5 Rxg3+ 38. hxg3 Qxg3+ 39. Kf1 Qf3+ 40.
Kg1 Qg3+ 41. Kf1 Qf3+ 42. Bf2 Qh1+ 43. Bg1 Qh3+ 44. Ke2 Qg4+ 45. Ke3 1-0

[Event "4NCL"]
[Site "Barcelo Hotel, Hinkley Island,"]
[Date "2011.01.16"]
[Round "4.85"]
[White "Walton, Alan J"]
[Black "Curtis, John E"]
[Result "1/2-1/2"]
[WhiteElo "2175"]
[BlackElo "2123"]
[PlyCount "60"]
[EventDate "2011.??.??"]
[WhiteTeam "3Cs 1"]
[BlackTeam "Bristol 1"]

1. d4 d6 2. e4 Nf6 3. Nc3 e5 4. Nf3 Nbd7 5. h3 c6 6. Be3 b5 7. a3 a6 8. Qd2 Be7
9. g4 Qc7 10. Be2 h6 11. Nh2 Bb7 12. f3 Nb6 13. Nf1 exd4 14. Bxd4 c5 15. Bf2 d5
16. Bg3 Bd6 17. Bxd6 Qxd6 18. exd5 Nbxd5 19. O-O-O Qf4 20. Nxd5 Nxd5 21. Kb1
Qxd2 22. Rxd2 O-O-O 23. Bd1 Rhe8 24. Kc1 Re1 25. Ng3 Rxh1 26. Nxh1 Re8 27. Ng3
Re1 28. Nf5 Ne3 29. Nxe3 Rxe3 30. Re2 Rxe2 1/2-1/2

[Event "4NCL"]
[Site "Barcelo Hotel, Hinkley Island,"]
[Date "2011.01.16"]
[Round "4.86"]
[White "Dilleigh, Stephen P"]
[Black "Adams, Philip"]
[Result "1/2-1/2"]
[WhiteElo "2098"]
[BlackElo "2122"]
[PlyCount "38"]
[EventDate "2011.??.??"]
[WhiteTeam "Bristol 1"]
[BlackTeam "3Cs 1"]

1. d4 Nf6 2. c4 g6 3. Nc3 Bg7 4. e4 d6 5. Nf3 O-O 6. Be2 c5 7. d5 e6 8. h3 exd5
9. exd5 Re8 10. O-O Ne4 11. Nxe4 Rxe4 12. Bd3 Re8 13. Bg5 f6 14. Bd2 Nd7 15.
Qc2 f5 16. Rae1 Ne5 17. Nxe5 Bxe5 18. Bc3 Bxc3 19. Qxc3 Bd7 1/2-1/2

[Event "4NCL"]
[Site "Barcelo Hotel, Hinkley Island,"]
[Date "2011.01.16"]
[Round "4.87"]
[White "Ashton, David A"]
[Black "Stewart, Joseph"]
[Result "0-1"]
[WhiteElo "2010"]
[BlackElo "2082"]
[PlyCount "98"]
[EventDate "2011.??.??"]
[WhiteTeam "3Cs 1"]
[BlackTeam "Bristol 1"]

1. e4 c5 2. b3 Nc6 3. Bb2 d6 4. Nc3 e5 5. Bc4 Be6 6. Bxe6 fxe6 7. Qg4 Qd7 8.
Nf3 Nf6 9. Qh3 Nd4 10. O-O-O b5 11. Ng5 h6 12. Rde1 Rg8 13. Nf3 g5 14. Nxd4
cxd4 15. Nxb5 Qxb5 16. Qxe6+ Be7 17. Bxd4 Qd7 18. Qxd7+ Kxd7 19. Bc3 Nh5 20. d4
Ke6 21. d5+ Kd7 22. Bd2 Rgf8 23. f3 Nf4 24. g3 Nh3 25. Rhf1 Rf7 26. Re3 g4 27.
Rc3 Bg5 28. Bxg5 Nxg5 29. f4 Nxe4 30. Rc4 Ng5 31. Re1 Nf3 32. fxe5 Nxe5 33. Rf4
Rxf4 34. gxf4 Nf3 35. Re6 h5 36. f5 Rf8 37. f6 Rf7 38. c4 a5 39. c5 dxc5 40.
Ra6 Ng5 41. Kc2 h4 42. Kd3 g3 43. hxg3 h3 44. b4 axb4 45. Kc4 h2 46. Kxc5 h1=Q
47. Ra7+ Kc8 48. Re7 Rxe7 49. fxe7 Kd7 0-1

[Event "4NCL"]
[Site "Barcelo Hotel, Hinkley Island,"]
[Date "2011.01.16"]
[Round "4.88"]
[White "Oliver, Martin"]
[Black "Zhu, Yao Yao"]
[Result "1-0"]
[WhiteElo "1874"]
[BlackElo "1994"]
[PlyCount "101"]
[EventDate "2011.??.??"]
[WhiteTeam "Bristol 1"]
[BlackTeam "3Cs 1"]

1. d4 Nf6 2. c4 g6 3. Nc3 Bg7 4. e4 O-O 5. Be2 d6 6. Nf3 e5 7. O-O Nc6 8. d5
Ne7 9. Ne1 Ne8 10. Nd3 f5 11. Bd2 Nf6 12. f3 f4 13. c5 g5 14. cxd6 cxd6 15. Rc1
a6 16. a4 h5 17. Nf2 Kh8 18. h3 Rg8 19. b4 b6 20. a5 b5 21. Nxb5 axb5 22. Bxb5
Rb8 23. Be2 Bd7 24. Rb1 Bb5 25. Bxb5 Rxb5 26. Qe2 Qb8 27. Rbc1 Rc8 28. Nd3 Ne8
29. Nb2 Rc7 30. Na4 Nc8 31. Rxc7 Nxc7 32. Rc1 Na7 33. Nb6 Qb7 34. Qc4 Na6 35.
Kh2 Bf6 36. g3 Bd8 37. Nc8 Nxc8 38. Qxc8 Qxc8 39. Rxc8 Rb8 40. Rxb8 Nxb8 41. b5
Nd7 42. Bb4 Bc7 43. g4 h4 44. b6 Bb8 45. Kg2 Kg7 46. Kf2 Kf7 47. Ke2 Ke7 48.
Kd3 Kd8 49. Kc4 Kc8 50. Kb5 Nf6 51. a6 1-0

[Event "4NCL"]
[Site "De Vere, Wokefield Park, ENG"]
[Date "2011.02.19"]
[Round "5.11"]
[White "Cooper, John G"]
[Black "Arnott, Jonathan W"]
[Result "1-0"]
[WhiteElo "2363"]
[BlackElo "2176"]
[PlyCount "101"]
[EventDate "2011.??.??"]
[WhiteTeam "South Wales Dragons"]
[BlackTeam "White Rose 2"]

1. Nf3 Nf6 2. c4 c6 3. g3 d5 4. Bg2 dxc4 5. O-O g6 6. Na3 Bg7 7. Nxc4 O-O 8. d3
Nbd7 9. Bd2 Nb6 10. Na5 Ne8 11. Qc2 Nd6 12. e4 Nb5 13. a4 Nd4 14. Nxd4 Bxd4 15.
Nb3 e5 16. a5 Nd7 17. Nxd4 exd4 18. Bf4 Re8 19. a6 Qb6 20. b4 bxa6 21. Rfc1 Bb7
22. Qd2 Rac8 23. Rab1 Rcd8 24. h4 Qb5 25. Ra1 Qb6 26. Ra5 f6 27. h5 g5 28. Bd6
h6 29. f4 Nf8 30. e5 fxe5 31. Bxe5 Ne6 32. Bf6 gxf4 33. gxf4 Rd7 34. Be4 Ng7
35. Rac5 Rf8 36. Be5 Qd8 37. Qh2 Qe8 38. Kh1 Qxh5 39. Qxh5 Nxh5 40. Rg1+ Ng7
41. f5 Rdf7 42. Rg6 Kh7 43. f6 Ne6 44. Rc2 c5 45. Rg7+ Kh8 46. Bxb7 Nxg7 47.
fxg7+ Rxg7 48. bxc5 Rff7 49. c6 Rc7 50. Rg2 Kh7 51. Rxg7+ 1-0

[Event "4NCL"]
[Site "De Vere, Wokefield Park, ENG"]
[Date "2011.02.19"]
[Round "5.12"]
[White "Shaw, Peter"]
[Black "Zeidler, Sven P"]
[Result "1/2-1/2"]
[WhiteElo "2164"]
[BlackElo "2247"]
[PlyCount "106"]
[EventDate "2011.??.??"]
[WhiteTeam "White Rose 2"]
[BlackTeam "South Wales Dragons"]

1. d4 f5 2. Nf3 Nf6 3. c4 g6 4. Nc3 Bg7 5. g3 d6 6. Bg2 O-O 7. O-O c6 8. b3 Qa5
9. Bb2 e5 10. dxe5 dxe5 11. e4 f4 12. Qc2 Nh5 13. Na4 Na6 14. Bc3 Qc7 15. Nb2
Bg4 16. Nd3 Rae8 17. Qb2 fxg3 18. fxg3 Qb6+ 19. Kh1 Qe3 20. Nfxe5 Be2 21. Rxf8+
Rxf8 22. Re1 Nxg3+ 23. hxg3 Qh6+ 24. Kg1 Qe3+ 25. Kh2 Qh6+ 26. Bh3 Bf1 27. Rxf1
Rxf1 28. Ng4 Rh1+ 29. Kxh1 Qxh3+ 30. Nh2 Qxg3 31. Bxg7 Qxd3 32. Qd4 Qb1+ 33.
Kg2 Qxa2+ 34. Kg1 Qxb3 35. Qf6 Qg3+ 36. Kh1 Qe1+ 37. Kg2 Qxe4+ 38. Nf3 Qf5 39.
Qd4 Nc5 40. Bh6 Ne6 41. Qd6 g5 42. Nxg5 Nxg5 43. Qd8+ Kf7 44. Bxg5 Kg6 45. Be3
Qe4+ 46. Kf2 Qc2+ 47. Kg3 Qxc4 48. Qg5+ Kf7 49. Qf5+ Ke8 50. Qc8+ Ke7 51. Qxb7+
Kd6 52. Qb8+ Kd7 53. Qxa7+ Ke6 1/2-1/2

[Event "4NCL"]
[Site "De Vere, Wokefield Park, ENG"]
[Date "2011.02.19"]
[Round "5.13"]
[White "Redmond, John P"]
[Black "O'Driscoll, Keiran"]
[Result "1/2-1/2"]
[WhiteElo "2212"]
[BlackElo "2101"]
[PlyCount "73"]
[EventDate "2011.??.??"]
[WhiteTeam "South Wales Dragons"]
[BlackTeam "White Rose 2"]

1. c4 e5 2. Nc3 Bb4 3. Nd5 Ba5 4. b4 c6 5. bxa5 cxd5 6. cxd5 Qxa5 7. e4 Nf6 8.
Bd3 O-O 9. Ne2 d6 10. O-O Nbd7 11. Bc2 Nc5 12. f3 Bd7 13. d4 Na4 14. Rb1 exd4
15. Qxd4 Rfc8 16. Bd2 Qa6 17. Bd3 b5 18. Rbc1 Nc5 19. Bb1 b4 20. Ng3 b3 21. Bg5
bxa2 22. Bxa2 Qxa2 23. Bxf6 gxf6 24. Qxf6 Nd3 25. Nh5 Qb2 26. Qxb2 Nxb2 27.
Nf6+ Kf8 28. Nxd7+ Ke7 29. Rxc8 Rxc8 30. Rb1 Nd3 31. Nb8 Rc2 32. Nc6+ Kf6 33.
Nxa7 Nf4 34. g3 Nh3+ 35. Kh1 Nf2+ 36. Kg1 Nh3+ 37. Kh1 1/2-1/2

[Event "4NCL"]
[Site "De Vere, Wokefield Park, ENG"]
[Date "2011.02.19"]
[Round "5.15"]
[White "James, David J"]
[Black "Webb, Matthew D"]
[Result "1/2-1/2"]
[WhiteElo "2126"]
[BlackElo "2062"]
[PlyCount "111"]
[EventDate "2011.??.??"]
[WhiteTeam "South Wales Dragons"]
[BlackTeam "White Rose 2"]

1. Nf3 Nf6 2. c4 c5 3. Nc3 e6 4. g3 b6 5. Bg2 Bb7 6. O-O Be7 7. Re1 d6 8. d4
cxd4 9. Qxd4 a6 10. e4 Nbd7 11. b3 Qc7 12. Bb2 O-O 13. Qd2 Rfe8 14. h3 Rad8 15.
Rac1 Qb8 16. Nd4 Qa8 17. Qe2 d5 18. e5 Ne4 19. Nxe4 dxe4 20. Bxe4 Bxe4 21. Qxe4
Qxe4 22. Rxe4 Nc5 23. Re3 Rd7 24. Rc2 Red8 25. Nc6 Bg5 26. Nxd8 Bxe3 27. fxe3
Rxd8 28. Bd4 Rc8 29. b4 Nd3 30. a3 Ne1 31. Rc3 Nf3+ 32. Kg2 Nd2 33. Bxb6 Nxc4
34. Bd4 h5 35. a4 Kh7 36. b5 axb5 37. axb5 Kg6 38. e4 f6 39. exf6 gxf6 40. Ba7
Kf7 41. Kf2 Ke7 42. Ke2 Kd7 43. Bd4 e5 44. Bf2 Nd6 45. Rxc8 Kxc8 46. Kf3 Nxb5
47. g4 hxg4+ 48. Kxg4 Nd6 49. Kf3 Kd7 50. Bc5 Nf7 51. h4 Ke6 52. Kg4 Nd8 53. h5
Kf7 54. Kf5 Ne6 55. Be3 Nd4+ 56. Kg4 1/2-1/2

[Event "4NCL"]
[Site "De Vere, Wokefield Park, ENG"]
[Date "2011.02.19"]
[Round "5.16"]
[White "Archer, Richard"]
[Black "Jameson, David"]
[Result "1-0"]
[WhiteElo "1969"]
[BlackElo "2054"]
[PlyCount "113"]
[EventDate "2011.??.??"]
[WhiteTeam "White Rose 2"]
[BlackTeam "South Wales Dragons"]

1. d4 Nf6 2. Nf3 d5 3. Bf4 c6 4. e3 Nh5 5. Bg5 h6 6. Bh4 g5 7. Nfd2 Nf6 8. Bg3
Bf5 9. h4 g4 10. c4 e6 11. Qb3 Qb6 12. c5 Qxb3 13. axb3 Nbd7 14. b4 Nh5 15. Bh2
Be7 16. b5 g3 17. bxc6 bxc6 18. fxg3 Bg4 19. Ba6 Rb8 20. Be2 Rg8 21. b3 Rb7 22.
Nc3 e5 23. Nxd5 cxd5 24. c6 Rc7 25. cxd7+ Kxd7 26. Nf3 exd4 27. Ne5+ Ke6 28.
Nxg4 Bb4+ 29. Kd1 d3 30. Bxd3 Rxg4 31. Be2 Rxg3 32. Bxh5 Rxe3 33. Bxc7 Rd3+ 34.
Ke2 Rd2+ 35. Kf3 Rd3+ 36. Ke2 Rd2+ 37. Kf1 Bc5 38. Bg3 d4 39. Bf2 Kd5 40. Bf3+
Ke5 41. Rh3 Rb2 42. Bd1 Ke4 43. g4 Bb4 44. Rf3 a5 45. Rxf7 d3 46. g5 hxg5 47.
hxg5 d2 48. g6 a4 49. Rxa4 Rb1 50. Ke2 Ke5 51. Rxb4 Rc1 52. g7 Rc8 53. Rf8 Rc6
54. Rb5+ Ke4 55. g8=Q Rc5 56. Qe6+ Re5 57. Qxe5# 1-0

[Event "4NCL"]
[Site "De Vere, Wokefield Park, ENG"]
[Date "2011.02.19"]
[Round "5.17"]
[White "Davies, G Brian"]
[Black "Birkin, Mark H"]
[Result "0-1"]
[WhiteElo "1914"]
[BlackElo "1895"]
[PlyCount "58"]
[EventDate "2011.??.??"]
[WhiteTeam "South Wales Dragons"]
[BlackTeam "White Rose 2"]

1. e4 e6 2. d4 d5 3. Nc3 Nf6 4. e5 Nfd7 5. Nf3 c5 6. Be3 Nc6 7. Bb5 cxd4 8.
Nxd4 Ncxe5 9. O-O Be7 10. f4 Nc4 11. Bxc4 dxc4 12. Qe2 Nb6 13. Rad1 Nd5 14. Bc1
Nxc3 15. bxc3 Qc7 16. Kh1 Bd7 17. Nf3 O-O 18. Ne5 Rad8 19. Qxc4 Qxc4 20. Nxc4
Bb5 21. Na5 Bxf1 22. Rxf1 Rd7 23. Be3 b6 24. Nb3 Rc8 25. Bd4 Bf6 26. Rc1 Rdc7
27. Na1 Bxd4 28. cxd4 Rc4 29. Rd1 Rd8 0-1

[Event "4NCL"]
[Site "De Vere, Wokefield Park, ENG"]
[Date "2011.02.19"]
[Round "5.21"]
[White "Munson, Shaun D"]
[Black "Williams, Simon K"]
[Result "0-1"]
[WhiteElo "2201"]
[BlackElo "2513"]
[PlyCount "86"]
[EventDate "2011.??.??"]
[WhiteTeam "Anglian Avengers 1"]
[BlackTeam "Jutes of Kent"]

1. d4 Nf6 2. Bg5 c5 3. d5 g6 4. Nc3 d6 5. e4 Bg7 6. Be2 h6 7. Bf4 Na6 8. Nf3
Nc7 9. a4 a6 10. Nd2 O-O 11. Nc4 b5 12. Nb6 Rb8 13. Nxc8 Qxc8 14. axb5 Nxb5 15.
Nxb5 axb5 16. Bf3 Nd7 17. Qc1 Kh7 18. O-O Qc7 19. Be2 c4 20. h4 Nc5 21. Qe3 Na4
22. g4 Ra8 23. Kg2 Qc5 24. Qf3 Bxb2 25. h5 g5 26. Be3 Bd4 27. Qf5+ Kh8 28.
Bxd4+ Qxd4 29. f4 gxf4 30. Qxf4 Qg7 31. Ra3 Qg5 32. Qf2 f6 33. Qd4 Rg8 34. Rf5
Qc1 35. Re3 Nc5 36. Rf2 Nd7 37. e5 Nxe5 38. Qf4 Rg5 39. Kh2 Rag8 40. Rg2 Qxc2
41. Ra3 Nxg4+ 42. Bxg4 Qxg2+ 43. Kxg2 Rxg4+ 0-1

[Event "4NCL"]
[Site "De Vere, Wokefield Park, ENG"]
[Date "2011.02.19"]
[Round "5.23"]
[White "Player, Edmund C"]
[Black "Cooley, Chris M"]
[Result "1-0"]
[WhiteElo "2179"]
[BlackElo "2259"]
[PlyCount "69"]
[EventDate "2011.??.??"]
[WhiteTeam "Anglian Avengers 1"]
[BlackTeam "Jutes of Kent"]

1. e4 c6 2. d4 d5 3. Nc3 dxe4 4. Nxe4 Nd7 5. Nf3 Ngf6 6. Ng3 e6 7. Bd3 c5 8.
O-O Qc7 9. c4 cxd4 10. Nxd4 a6 11. Re1 Nc5 12. Bc2 b6 13. Qf3 Bb7 14. Bf4 Bd6
15. Bxd6 Qxd6 16. Ndf5 Qf8 17. Qf4 O-O-O 18. b4 Nd3 19. Bxd3 Rxd3 20. Red1
Rxd1+ 21. Rxd1 exf5 22. Nxf5 Ne8 23. Qe5 Nc7 24. Ne7+ Kb8 25. Rd7 Ka8 26. Qxc7
Qb8 27. Qxb6 Re8 28. f3 Qa7 29. Qxa7+ Kxa7 30. Nf5 Re1+ 31. Kf2 Rb1 32. Nd6
Rxb4 33. Rxb7+ Rxb7 34. Nxb7 Kxb7 35. Ke3 1-0

[Event "4NCL"]
[Site "De Vere, Wokefield Park, ENG"]
[Date "2011.02.19"]
[Round "5.24"]
[White "Harakis, Alexis M"]
[Black "Gregory, Stephen J"]
[Result "0-1"]
[WhiteElo "2205"]
[BlackElo "2099"]
[PlyCount "77"]
[EventDate "2011.??.??"]
[WhiteTeam "Jutes of Kent"]
[BlackTeam "Anglian Avengers 1"]

1. d4 Nf6 2. c4 Nc6 3. d5 Ne5 4. Nc3 e6 5. f4 Nxc4 6. e4 Nb6 7. Be3 Bb4 8. Qd4
Qe7 9. O-O-O Bxc3 10. Qxc3 d6 11. Bd3 O-O 12. Nf3 exd5 13. e5 Ne4 14. Qc2 f5
15. exf6 gxf6 16. Rde1 c5 17. g4 Kh8 18. f5 Bd7 19. Bh6 Rfe8 20. Nd2 Ba4 21. b3
Bc6 22. g5 fxg5 23. Bxe4 dxe4 24. Rhg1 e3 25. Bxg5 exd2+ 26. Bxd2 Qf6 27. Bc3
Re5 28. Rxe5 dxe5 29. Qe2 Re8 30. Qh5 Rg8 31. Rg6 Rxg6 32. fxg6 Qxg6 33. Qxe5+
Kg8 34. Qxc5 Nd7 35. Qe7 Qf7 36. Qg5+ Kf8 37. Bb4+ Ke8 38. Qe3+ Kd8 39. Qxa7
0-1

[Event "4NCL"]
[Site "De Vere, Wokefield Park, ENG"]
[Date "2011.02.19"]
[Round "5.25"]
[White "Boulton, William JK"]
[Black "Mack, Andrew L"]
[Result "1-0"]
[WhiteElo "2170"]
[BlackElo "2203"]
[PlyCount "63"]
[EventDate "2011.??.??"]
[WhiteTeam "Anglian Avengers 1"]
[BlackTeam "Jutes of Kent"]

1. d4 Nf6 2. c4 g6 3. Nc3 Bg7 4. e4 d6 5. Bg5 O-O 6. Qd2 c5 7. Nge2 Nc6 8. d5
Ne5 9. Ng3 a6 10. Be2 b5 11. cxb5 axb5 12. Nxb5 Ba6 13. f4 Neg4 14. h3 Ne3 15.
Kf2 Qb6 16. a4 Bxb5 17. Bxb5 Nfxd5 18. exd5 Bd4 19. Kf3 Nxd5 20. Ne2 Qb7 21.
Nxd4 cxd4 22. Kg3 e5 23. Rac1 Rac8 24. Bh6 Rfd8 25. fxe5 dxe5 26. Kh2 Ne7 27.
Bg5 Rc7 28. Bd3 Rdc8 29. Qa5 Nc6 30. Qb5 Qa7 31. Be4 Rb8 32. Qc5 1-0

[Event "4NCL"]
[Site "De Vere, Wokefield Park, ENG"]
[Date "2011.02.19"]
[Round "5.22"]
[White "Rich, Mark C"]
[Black "Gray, Mark S"]
[Result "1-0"]
[WhiteElo "2145"]
[BlackElo "2084"]
[PlyCount "93"]
[EventDate "2011.??.??"]
[WhiteTeam "Jutes of Kent"]
[BlackTeam "Anglian Avengers 1"]

1. e4 e5 2. Bc4 Nf6 3. d3 Nc6 4. Nc3 Bb4 5. Bg5 h6 6. Bh4 g5 7. Bg3 d5 8. Bb5
d4 9. a3 dxc3 10. axb4 cxb2 11. Rb1 Qe7 12. Rxb2 Bg4 13. f3 Bd7 14. Qd2 a6 15.
Bxc6 Bxc6 16. Qc3 Nd7 17. Ne2 f6 18. d4 O-O-O 19. d5 Bb5 20. Nd4 Nb6 21. Nxb5
axb5 22. Qc5 Qd7 23. Ra2 Na4 24. Qe3 Qd6 25. Qb3 Nb6 26. Bf2 f5 27. Ra5 fxe4
28. fxe4 Qg6 29. Qd3 Rhf8 30. O-O Rf4 31. Re1 Rf7 32. Rxb5 Qf6 33. Bc5 Nd7 34.
Be3 Nb8 35. c4 Rd6 36. c5 Ra6 37. Ra5 Rxa5 38. bxa5 Qa6 39. Qc3 Qb5 40. Qxe5
Rf8 41. Qe6+ Kd8 42. Qxh6 Nd7 43. c6 bxc6 44. dxc6 Rf6 45. Bxg5 Qc5+ 46. Kh1
Qc3 47. Rd1 1-0

[Event "4NCL"]
[Site "De Vere, Wokefield Park, ENG"]
[Date "2011.02.19"]
[Round "5.27"]
[White "Farkas, Daniel"]
[Black "Karayiannis, Costas"]
[Result "1/2-1/2"]
[WhiteElo "2107"]
[BlackElo "2163"]
[PlyCount "36"]
[EventDate "2011.??.??"]
[WhiteTeam "Anglian Avengers 1"]
[BlackTeam "Jutes of Kent"]

1. e4 e6 2. d4 d5 3. Nd2 Be7 4. Ngf3 Nf6 5. e5 Nfd7 6. Bd3 c5 7. c3 b6 8. Qe2
a5 9. a4 cxd4 10. Nxd4 Nc5 11. Bb5+ Bd7 12. O-O O-O 13. f4 f5 14. c4 Bxb5 15.
axb5 Qd7 16. Rd1 Rd8 17. N2f3 dxc4 18. Qxc4 Qd5 1/2-1/2

[Event "4NCL"]
[Site "De Vere, Wokefield Park, ENG"]
[Date "2011.02.19"]
[Round "5.28"]
[White "Wilson, Alexandra"]
[Black "Merry, Alan B"]
[Result "1/2-1/2"]
[WhiteElo "2037"]
[BlackElo "1979"]
[PlyCount "190"]
[EventDate "2011.??.??"]
[WhiteTeam "Jutes of Kent"]
[BlackTeam "Anglian Avengers 1"]

1. e4 e5 2. Nf3 Nc6 3. Bb5 a6 4. Bxc6 dxc6 5. O-O f6 6. Nc3 c5 7. d3 Bg4 8. h3
Bh5 9. g4 Bf7 10. Nh2 Bd6 11. Ne2 Ne7 12. f4 exf4 13. Nxf4 Qd7 14. Qf3 h5 15.
Nxh5 Bxh5 16. gxh5 Nc6 17. Qg4 Qf7 18. Bf4 Bxf4 19. Rxf4 Ne5 20. Qg3 Qxh5 21.
Kg2 O-O-O 22. Nf3 c4 23. Rf5 Qh6 24. Nxe5 fxe5 25. Rd1 cxd3 26. Rxd3 Qc1 27.
Rxd8+ Rxd8 28. Qxe5 Qxc2+ 29. Rf2 Qc6 30. a3 Kb8 31. Qe7 Rd6 32. Kh2 g6 33. e5
Re6 34. Qd8+ Ka7 35. Qd4+ b6 36. Rf6 Qc2+ 37. Kg3 Re7 38. e6 Qb3+ 39. Qc3 Qd1
40. Qf3 Qg1+ 41. Qg2 Qe3+ 42. Qf3 Rxe6 43. Rxe6 Qxe6 44. Qc3 Qd6+ 45. Kg4 a5
46. Kg5 c6 47. h4 Ka6 48. Qf6 Qg3+ 49. Kh6 Kb7 50. Qg5 Qd6 51. Qxg6 Qd2+ 52.
Qg5 Qxb2 53. Qe7+ Ka6 54. h5 c5 55. a4 c4 56. Qe8 Qd2+ 57. Kh7 Qd3+ 58. Kg7
Qd4+ 59. Kh6 Kb7 60. Qe7+ Kc6 61. Qe8+ Kc5 62. Qb5+ Kd6 63. Kg6 c3 64. h6 c2
65. Qf1 Qd1 66. Qf6+ Kd5 67. Qf7+ Ke4 68. Qe6+ Kd3 69. Qb3+ Kd2 70. Qd5+ Kc1
71. Qg5+ Kb2 72. Qe5+ Ka3 73. Qc3+ Kxa4 74. Qc4+ Ka3 75. Qc3+ Ka2 76. Qc4+ Kb1
77. Qb3+ Kc1 78. Qa3+ Kd2 79. Qd6+ Ke2 80. Qe5+ Kd3 81. Qd5+ Ke3 82. Qe5+ Kf2
83. Qh2+ Ke1 84. Qg3+ Kd2 85. Qf4+ Kc3 86. Qc7+ Kd3 87. Qd6+ Kc4 88. Qc6+ Kd4
89. Qxb6+ Kd3 90. Qd6+ Kc4 91. Qc6+ Kb4 92. Qb6+ Kc4 93. Qc6+ Kd4 94. Qd6+ Ke4
95. Qe6+ Kf4 1/2-1/2

[Event "4NCL"]
[Site "De Vere, Wokefield Park, ENG"]
[Date "2011.02.19"]
[Round "5.31"]
[White "Dorrington, Chris J"]
[Black "Tyomkyn, Mikhail"]
[Result "1-0"]
[WhiteElo "2263"]
[BlackElo "2116"]
[PlyCount "61"]
[EventDate "2011.??.??"]
[WhiteTeam "Barbican Youth"]
[BlackTeam "Cambridge University 2"]

1. d4 Nf6 2. c4 g6 3. Nc3 d5 4. Nf3 Bg7 5. Qb3 dxc4 6. Qxc4 O-O 7. e4 Nc6 8.
Be2 Nd7 9. Be3 Nb6 10. Qd3 f5 11. Rd1 Nb4 12. Qd2 fxe4 13. Nxe4 Bf5 14. Qxb4
Bxe4 15. O-O Kh8 16. d5 Bxd5 17. Ng5 Qd7 18. Qh4 h6 19. Bg4 Qc6 20. Nh3 Bxg2
21. Rc1 Nc4 22. Rxc4 Qxc4 23. Rc1 Qd5 24. Rc5 Qd3 25. Kxg2 Qe4+ 26. Kg3 Be5+
27. Rxe5 Qxe5+ 28. Bf4 Qf6 29. Qxh6+ Kg8 30. Be6+ Qxe6 31. Ng5 1-0

[Event "4NCL"]
[Site "De Vere, Wokefield Park, ENG"]
[Date "2011.02.19"]
[Round "5.32"]
[White "Pickard, Charles"]
[Black "Martyn, Rafe"]
[Result "1/2-1/2"]
[WhiteElo "2134"]
[BlackElo "2292"]
[PlyCount "136"]
[EventDate "2011.??.??"]
[WhiteTeam "Cambridge University 2"]
[BlackTeam "Barbican Youth"]

1. Nf3 Nf6 2. c4 e6 3. g3 d5 4. b3 a5 5. Bg2 a4 6. Nc3 axb3 7. Qxb3 d4 8. Nb5
Nc6 9. O-O e5 10. e3 dxe3 11. Qxe3 Ng4 12. Qe2 Be7 13. h3 Nf6 14. Nxe5 Nb4 15.
Rb1 O-O 16. a3 Nc2 17. Rb3 c6 18. Bxc6 Bxh3 19. Bxb7 Bxf1 20. Kxf1 Re8 21. Bxa8
Qxa8 22. Qf3 Qa4 23. Bb2 Bc5 24. Nc7 Rf8 25. Nb5 Re8 26. d4 Rxe5 27. dxe5 Ne4
28. Rd3 Qxc4 29. Qe2 Bb6 30. Nd6 Nxd6 31. Rxd6 Qb3 32. Rxb6 Qxb6 33. Qxc2 Qb7
34. Kg1 h5 35. Qe2 h4 36. gxh4 Qd5 37. a4 Qa2 38. Qc2 Qe6 39. f3 Qh3 40. Qg2
Qxh4 41. Bc3 Qc4 42. Qd2 Qxa4 43. Qd4 Qc2 44. Kf1 Qh2 45. Qg4 Qc2 46. Qc4 Qc1+
47. Kf2 Qc2+ 48. Kg3 Qg6+ 49. Qg4 Qc2 50. Bd4 Qc7 51. Qg5 Qd7 52. Qg4 Qc7 53.
Qf5 Qc4 54. e6 Qxd4 55. Qxf7+ Kh8 56. e7 Qg1+ 57. Kf4 Qd4+ 58. Kf5 Qc5+ 59. Ke4
Qc2+ 60. Ke3 Qc3+ 61. Ke2 Qc2+ 62. Ke1 Qc1+ 63. Kf2 Qd2+ 64. Kg3 Qe1+ 65. Kg4
Qg1+ 66. Kf5 Qc5+ 67. Ke4 Qc2+ 68. Kd4 Qd2+ 1/2-1/2

[Event "4NCL"]
[Site "De Vere, Wokefield Park, ENG"]
[Date "2011.02.19"]
[Round "5.41"]
[White "Jones, Richard S"]
[Black "Rosen, Daniel B"]
[Result "1-0"]
[WhiteElo "2361"]
[BlackElo "2125"]
[PlyCount "81"]
[EventDate "2011.??.??"]
[WhiteTeam "Rhyfelwyr Essyllwg"]
[BlackTeam "Poisoned Pawns 2"]

1. e4 g6 2. d4 d6 3. Nc3 Bg7 4. f4 Nf6 5. Nf3 c5 6. dxc5 Qa5 7. Qd4 O-O 8. Bd2
Nc6 9. Qc4 Qxc5 10. Qxc5 dxc5 11. e5 Ne8 12. Bb5 Nb4 13. O-O-O Nc7 14. Be2 b6
15. a3 Nc6 16. Be3 Ba6 17. Bxa6 Nxa6 18. Nb5 Rfd8 19. b3 h6 20. c3 Kf8 21. Kc2
Ke8 22. b4 Rxd1 23. Rxd1 Rd8 24. Nd2 cxb4 25. axb4 Rd5 26. Nxa7 Nxa7 27. Ra1
Nxb4+ 28. cxb4 Nc8 29. Ra8 Rd8 30. Nc4 e6 31. Nxb6 Nxb6 32. Rxd8+ Kxd8 33.
Bxb6+ Kd7 34. b5 f6 35. Bd4 f5 36. Bc5 g5 37. g3 g4 38. Kb3 Kc8 39. Kc4 Kb7 40.
Be7 h5 41. Kc5 1-0

[Event "4NCL"]
[Site "De Vere, Wokefield Park, ENG"]
[Date "2011.02.19"]
[Round "5.42"]
[White "Kemp, Paul R"]
[Black "Rees, Ioan"]
[Result "1/2-1/2"]
[WhiteElo "2108"]
[BlackElo "2319"]
[PlyCount "76"]
[EventDate "2011.??.??"]
[WhiteTeam "Poisoned Pawns 2"]
[BlackTeam "Rhyfelwyr Essyllwg"]

1. e4 c6 2. Nc3 d5 3. Nf3 dxe4 4. Nxe4 Nf6 5. Nxf6+ gxf6 6. d4 Bg4 7. Be2 Nd7
8. O-O Qc7 9. h3 h5 10. Nh4 Bxe2 11. Qxe2 O-O-O 12. Qe4 e6 13. Bf4 Bd6 14. Bxd6
Qxd6 15. Rad1 Nb6 16. b3 f5 17. Qf3 Qe7 18. g3 Qf6 19. c3 Rhg8 20. Kh2 Qg7 21.
Rfe1 Nd5 22. c4 Nb4 23. Qf4 Nc2 24. Nxf5 Qg5 25. Nd6+ Rxd6 26. Qxd6 Nxe1 27.
Rxe1 Qd2 28. Rf1 h4 29. g4 Qe2 30. Kg2 f5 31. Qe5 Qxe5 32. dxe5 fxg4 33. hxg4
Rxg4+ 34. Kf3 Rg5 35. Ke4 Rg2 36. Kf3 Rg5 37. Ke4 Rg2 38. Kf3 Rg5 1/2-1/2

[Event "4NCL"]
[Site "De Vere, Wokefield Park, ENG"]
[Date "2011.02.19"]
[Round "5.44"]
[White "Hutchinson, Norman A"]
[Black "Brown, Tom"]
[Result "1-0"]
[WhiteElo "2054"]
[BlackElo "2070"]
[PlyCount "69"]
[EventDate "2011.??.??"]
[WhiteTeam "Poisoned Pawns 2"]
[BlackTeam "Rhyfelwyr Essyllwg"]

1. e4 c5 2. c3 g6 3. d4 cxd4 4. cxd4 d5 5. e5 Nc6 6. Nc3 Bg7 7. h3 f6 8. f4 Nh6
9. g4 fxe5 10. fxe5 O-O 11. Be3 e6 12. Qd2 Qh4+ 13. Bf2 Qe7 14. Bg2 Bd7 15. Nf3
b5 16. Be3 Nf7 17. O-O b4 18. Ne2 Na5 19. b3 Bb5 20. Rfc1 Rac8 21. Nf4 Nc6 22.
Rc5 a6 23. Rac1 Nfd8 24. Nd3 Nb7 25. R5c2 a5 26. Nc5 Nxc5 27. Rxc5 Na7 28. a4
bxa3 29. Qxa5 Rxc5 30. Rxc5 Rxf3 31. Bxf3 Qh4 32. Kg2 Bf8 33. Rc1 Qe7 34. Bd2
Be8 35. Rc7 1-0